000 00462nam a2200193Ia 4500
003 GCL
008 140319s9999 xx 000 0 eng d
040 _aGCL /
_cGCL
082 0 4 _a892.76
_bI M
100 1 _aYUSUF IDRIS
245 1 0 _aMAISON DE CHAIR /
_cYUSUF IDRIS
260 _a[S.N] :
_bSINDBAD ،
_c1989
300 _a166 P
650 0 4 _aLITERATURE
650 0 4 _aARABIC LITERATURE
650 0 4 _aFICTION
650 0 4 _aARABIC FICTION
942 _2ddc
_cBK
999 _c13957
_d13957